000 00718nam a22001697a 4500
999 _c15851
_d15851
003 AR-CdUCM
008 190430b ||||| |||| 00| 0 spa d
040 _aMUNICIPALIDAD PROVINCIAL DEL CUSCO
_cBIBLIOTECA MUNICIPAL DEL CUSCO
082 _a353 /
_bM665 / 1965
110 _aMinisterio de Hacienda y Comercio
_935050
245 _aLey orgánica del presupuesto funcional :
_bley n° 15270 /
260 _aLima :
_bGarcilaso,
_c1965.
300 _a48 páginas ;
_c21 cm.
505 _aDisposiciones generales -- Clasificador a nivel de partidas genéricas y sub partidas genéricas -- Formación y publicación de los volúmenes presupuestarios del sector público nacional...
942 _2ddc
_cFOLLETOS
945 _awfj